Statistics for FC Barcelona Record Transfer Departures

Click here to take the quiz!

General Stats

  • This quiz has been taken 390 times
    (226 since last reset)
  • The average score is 12 of 20

Answer Stats

RankFeeSeasonClub JoinedAnswer% Correct
1€222.00m2017/18Paris Saint-GermainNeymar
100%
3€60.00m2000/01Real MadridLuis Figo
92%
2€76.00m2020/21JuventusArthur Melo
76%
5€42.00m2018/19Guangzhou EvergrandePaulinho
72%
8€33.00m2014/15ChelseaCesc Fàbregas
67%
13€26.50m1997/98Inter MilanRonaldo
66%
6€40.00m2019/20Zenit St. PetersburgMalcom
65%
4€42.50m2014/15ArsenalAlexis Sánchez
64%
11€30.00m2010/11Manchester CityYaya Touré
58%
14€25.00m2019/20EvertonAndré Gomes
57%
9€32.00m2020/21Wolverhampton WanderersNélson Semedo
55%
14€25.00m2013/14Bayern MunichThiago Alcántara
55%
12€27.00m2014/15ChelseaPedro Rodríguez
53%
17€24.15m2008/09AC MilanRonaldinho
49%
18€24.00m2011/12AC MilanZlatan Ibrahimovic
48%
10€30.25m2018/19EvertonYerry Mina
42%
20€20.20m2018/19EvertonLucas Digne
39%
14€25.00m2021/22Tottenham HotspurEmerson Royal
37%
7€35.00m2019/20ValenciaJasper Cillessen
36%
19€21.00m2019/20Borussia DortmundPaco Alcácer
36%

Score Distribution

Percentile by Number Answered

Percent of People with Each Score

Your Score History

You have not taken this quiz since the last reset